Loading...

Vidhi vilakkukal

Bibliographic Details
Main Authors: Saikh Muhammad Kaarakkunnu; Tr, Yusuful Kharlaavi
Format: Printed Book
Published: Kozhikode, Islamic Publishing House 1983
LEADER 004460000a22001330004500
040 |a MAL 
082 |a 297.122 6 32 M3;1 
100 |a Saikh Muhammad Kaarakkunnu; Tr 
100 |a Yusuful Kharlaavi 
245 |a Vidhi vilakkukal 
260 |a Kozhikode, Islamic Publishing House 
260 |c 1983 
999 |c 26100  |d 26100 
952 |0 0  |1 0  |4 0  |6 297_122000000000000_6_32_M31  |7 0  |8 MAL  |9 25936  |a MGUL  |b MGUL  |d 2013-07-16  |l 0  |o 297.122 6 32 M3;1  |p 21239  |r 2013-07-16  |w 2013-07-16  |y BK